000 00698nam a22002177a 4500
999 _c158783
_d158783
005 20181114124513.0
010 _aENG-124511
020 _a9789385285882
_c450.00
035 _aEN-108043
037 _bDBAD/PUB
082 _aN
100 _aDileep Chandan
245 _aBallad of kaziranga/
_cby Dileep Chandan; translated by Parbina Rashid; ed. by Manali Das
260 _aNew Delhi
_bNiyogi Books
_c2018
270 _aBlock D, Building No. 77, Okhla Industrial Area, Phase-I
_bNew Delhi
_e110020
300 _a300p.
_c21cm.(pbk)
500 _aIt includes about the author and about the translator
700 _a Rashid, Parbina
700 _a Das, Manali
942 _2ddc
_cEN
_mDIL
_hN